[Event "World op 30th"]
[Site "Philadelphia"]
[Date "2002.07.06"]
[Round "8"]
[White "Ashley, Maurice"]
[Black "Rey, Guillermo"]
[Result "1-0"]
[WhiteElo "2473"]
[BlackElo "2358"]
[PlyCount "79"]
[EventDate "2002.06.29"]
[EventType "swiss"]
[EventRounds "9"]
[EventCountry "USA"]
[SourceTitle "CBM 089 Extra"]
[Source "ChessBase"]
[SourceDate "2002.09.10"]
[SourceVersion "2"]
[SourceVersionDate "2002.09.10"]
[SourceQuality "1"]

1. e4 e6 2. d4 d5 3. exd5 exd5 4. c4 Nf6 5. Nc3 Bb4 6. Bd3 O-O 7. Nge2 dxc4 8.
Bxc4 Nbd7 9. O-O c6 10. Bb3 Bd6 11. Ng3 Nb6 12. Qd3 Nfd5 13. Nce4 Bf4 14. Nc5
Qh4 15. Re1 Nf6 16. Bxf4 Qxf4 17. Rac1 Nbd5 18. Qc4 Qh4 19. Nge4 b6 20. Nxf6+
Nxf6 21. g3 Qg4 22. Nd3 Be6 23. Rxe6 Qxe6 24. Qxe6 fxe6 25. Bxe6+ Kh8 26. Ne5
c5 27. dxc5 bxc5 28. Rxc5 Ne4 29. Rc4 Ng5 30. Bd5 Rad8 31. Rc5 Rd6 32. h4 Ne6
33. Ra5 g6 34. Nc4 Rd7 35. Bxe6 Re7 36. Bg4 Re4 37. Ne3 Rd4 38. Rd5 Rb4 39. b3
Re8 40. Kg2 1-0

[Event "New York Masters 25th"]
[Site "New York"]
[Date "2002.09.17"]
[Round "4"]
[White "Stripunsky, Alexander"]
[Black "Ashley, Maurice"]
[Result "1-0"]
[WhiteElo "2546"]
[BlackElo "2477"]
[PlyCount "89"]
[EventDate "2002.09.17"]
[EventType "swiss (rapid)"]
[EventRounds "4"]
[EventCountry "USA"]
[SourceTitle "EXT 2003"]
[Source "ChessBase"]
[SourceDate "2002.11.25"]
[SourceVersion "1"]
[SourceVersionDate "2002.11.25"]
[SourceQuality "1"]

1. Nf3 g6 2. e4 c6 3. d4 d5 4. Nc3 Bg7 5. Be2 dxe4 6. Nxe4 Nd7 7. O-O Ngf6 8.
Nxf6+ Nxf6 9. c3 O-O 10. Bg5 Qc7 11. Qc1 c5 12. Bf4 Qb6 13. Be5 Bf5 14. Re1
Rac8 15. a4 Ng4 16. a5 Qc6 17. Bxg7 Kxg7 18. dxc5 Qxc5 19. Nd4 Bd7 20. Bxg4
Bxg4 21. Qf4 Bd7 22. Re5 Qd6 23. Qe3 e6 24. Rh5 gxh5 25. Qg5+ Kh8 26. Qf6+ Kg8
27. Nf5 exf5 28. Qxd6 Be6 29. Re1 Rfd8 30. Qg3+ Kf8 31. Qg5 Rd5 32. h4 Rc6 33.
Qxh5 Kg7 34. Qg5+ Kf8 35. Qh6+ Ke7 36. Qxh7 Rc4 37. h5 Rg4 38. h6 Rg6 39. Qh8
Rd8 40. Qe5 Rxh6 41. Qc5+ Kf6 42. Qxa7 Rd7 43. a6 bxa6 44. Rxe6+ Kxe6 45. Qe3+
1-0

[Event "New York Masters 26th"]
[Site "New York"]
[Date "2002.09.24"]
[Round "4"]
[White "Ashley, Maurice"]
[Black "Shahade, Gregory P"]
[Result "0-1"]
[WhiteElo "2477"]
[BlackElo "2454"]
[PlyCount "61"]
[EventDate "2002.09.24"]
[EventType "swiss (rapid)"]
[EventRounds "4"]
[EventCountry "USA"]
[SourceTitle "EXT 2003"]
[Source "ChessBase"]
[SourceDate "2002.11.25"]
[SourceVersion "1"]
[SourceVersionDate "2002.11.25"]
[SourceQuality "1"]

1. e4 c5 2. Nf3 d6 3. d4 cxd4 4. Nxd4 Nf6 5. Nc3 a6 6. a4 e6 7. Be2 Be7 8. O-O
O-O 9. Be3 Nc6 10. f4 Qc7 11. Kh1 Re8 12. Bf3 Bf8 13. Nb3 b6 14. g4 Bb7 15. g5
Nd7 16. Bg2 g6 17. Qg4 Bg7 18. Rad1 Na5 19. Nd4 Nc4 20. Bc1 Rac8 21. Rf3 Qc5
22. Nb3 Qb4 23. Qh4 Nxb2 24. Bxb2 Bxc3 25. Rxc3 Rxc3 26. Rd4 Rc4 27. Rd3 Nf8
28. Bf6 h5 29. gxh6 Kh7 30. Bd4 Nd7 31. Qf2 0-1

[Event "New York Masters 27th"]
[Site "New York"]
[Date "2002.10.01"]
[Round "2"]
[White "Ashley, Maurice"]
[Black "Shevelev, Danny"]
[Result "1-0"]
[WhiteElo "2477"]
[BlackElo "2318"]
[PlyCount "63"]
[EventDate "2002.10.01"]
[EventType "swiss (rapid)"]
[EventRounds "4"]
[EventCountry "USA"]
[SourceTitle "EXT 2003"]
[Source "ChessBase"]
[SourceDate "2002.11.25"]
[SourceVersion "1"]
[SourceVersionDate "2002.11.25"]
[SourceQuality "1"]

1. e4 c6 2. c4 d5 3. exd5 Nf6 4. Nc3 cxd5 5. cxd5 Nxd5 6. Bc4 Nxc3 7. Qf3 e6 8.
dxc3 Nc6 9. Bf4 Be7 10. Ne2 O-O 11. O-O Qb6 12. b4 e5 13. Be3 Qc7 14. Bd5 Bd6
15. Ng3 Ne7 16. Bb3 Bd7 17. Rad1 Bc6 18. Qh5 Kh8 19. Rd2 f5 20. Rfd1 f4 21.
Rxd6 fxg3 22. Bc2 e4 23. Rh6 gxh2+ 24. Kh1 gxh6 25. Bd4+ Kg8 26. Be5 Qd8 27.
Rxd8 Raxd8 28. Bb3+ Bd5 29. Qxh6 Kf7 30. Qxh7+ Ke6 31. Qxe4 Bxb3 32. Bc7+ 1-0

[Event "New York Masters 27th"]
[Site "New York"]
[Date "2002.10.01"]
[Round "3"]
[White "Stripunsky, Alexander"]
[Black "Ashley, Maurice"]
[Result "1-0"]
[WhiteElo "2546"]
[BlackElo "2477"]
[PlyCount "73"]
[EventDate "2002.10.01"]
[EventType "swiss (rapid)"]
[EventRounds "4"]
[EventCountry "USA"]
[SourceTitle "EXT 2003"]
[Source "ChessBase"]
[SourceDate "2002.11.25"]
[SourceVersion "1"]
[SourceVersionDate "2002.11.25"]
[SourceQuality "1"]

1. Nf3 c5 2. g3 Nc6 3. Bg2 g6 4. O-O Bg7 5. e4 e5 6. a3 Nge7 7. d3 O-O 8. c3 d6
9. b4 h6 10. Nbd2 Be6 11. Re1 Qc7 12. b5 Nb8 13. a4 a6 14. Rb1 axb5 15. axb5
Nd7 16. Nc4 b6 17. Nfd2 Ra7 18. Qc2 Kh8 19. Bb2 f5 20. Ra1 Rxa1 21. Rxa1 d5 22.
Ne3 fxe4 23. dxe4 d4 24. Nec4 Nc8 25. Ra8 Nd6 26. Rxf8+ Bxf8 27. Qa4 Nxc4 28.
Nxc4 Kh7 29. Bf1 Bg7 30. Qa8 Bxc4 31. Bxc4 Nf6 32. h4 Qd6 33. cxd4 cxd4 34. Ba3
Qd7 35. Qc6 Qg4 36. Be7 Qxe4 37. Bxf6 1-0

[Event "New York Masters 29th"]
[Site "New York"]
[Date "2002.10.15"]
[Round "1"]
[White "Ashley, Maurice"]
[Black "Privman, Boris"]
[Result "1-0"]
[WhiteElo "2477"]
[BlackElo "2258"]
[PlyCount "101"]
[EventDate "2002.10.15"]
[EventType "swiss (rapid)"]
[EventRounds "4"]
[EventCountry "USA"]
[SourceTitle "EXT 2003"]
[Source "ChessBase"]
[SourceDate "2002.11.25"]
[SourceVersion "1"]
[SourceVersionDate "2002.11.25"]
[SourceQuality "1"]

1. e4 d6 2. d4 e5 3. Nf3 Nd7 4. Nc3 Ngf6 5. Bc4 Be7 6. O-O O-O 7. a4 c6 8. Ba2
b6 9. Re1 a5 10. Nb1 Bb7 11. Nbd2 c5 12. dxe5 Nxe5 13. Nxe5 dxe5 14. Qf3 Bc6
15. Bc4 Qc7 16. Nf1 Qb7 17. Bg5 Ne8 18. Bxe7 Qxe7 19. Ne3 Nd6 20. Bd5 Rac8 21.
Red1 Rfd8 22. Bxc6 Rxc6 23. Rd5 Ne8 24. Nf5 Qc7 25. Rad1 Rxd5 26. Rxd5 g6 27.
Nh6+ Kg7 28. Ng4 Re6 29. Qc3 f6 30. Ne3 Rd6 31. h4 h5 32. Qb3 Qc6 33. Rxd6 Qxd6
34. Nd5 g5 35. hxg5 fxg5 36. Qxb6 Qxb6 37. Nxb6 Nd6 38. f3 c4 39. Nd7 c3 40. b3
Nf7 41. Nb6 g4 42. Nc4 gxf3 43. gxf3 Ng5 44. Kg2 Kf6 45. Nxa5 Ne6 46. Nc4 Nd4
47. Ne3 h4 48. a5 Ke6 49. a6 Nb5 50. Nd5 Kd6 51. Nxc3 1-0

[Event "New York Masters 29th"]
[Site "New York"]
[Date "2002.10.15"]
[Round "3"]
[White "Ashley, Maurice"]
[Black "Novikov, Igor A"]
[Result "1/2-1/2"]
[WhiteElo "2477"]
[BlackElo "2601"]
[PlyCount "75"]
[EventDate "2002.10.15"]
[EventType "swiss (rapid)"]
[EventRounds "4"]
[EventCountry "USA"]
[SourceTitle "EXT 2003"]
[Source "ChessBase"]
[SourceDate "2002.11.25"]
[SourceVersion "1"]
[SourceVersionDate "2002.11.25"]
[SourceQuality "1"]

1. e4 c5 2. Nf3 d6 3. d4 cxd4 4. Nxd4 Nf6 5. Nc3 a6 6. Be3 e6 7. Be2 Qc7 8. O-O
Be7 9. f4 O-O 10. a4 b6 11. Bd3 Nbd7 12. Qf3 Bb7 13. Rae1 Rfe8 14. Kh1 Bf8 15.
Bf2 e5 16. Nf5 d5 17. Bg3 g6 18. fxe5 Nxe5 19. Nh6+ Bxh6 20. Qxf6 Bg7 21. Qh4
Qd8 22. Qxd8 Raxd8 23. Bxe5 Rxe5 24. Nxd5 Bxd5 25. exd5 Rxe1 26. Rxe1 Bxb2 27.
Bxa6 Rxd5 28. Bc4 Rd7 29. g3 Bc3 30. Re2 Kg7 31. Kg2 Bb4 32. Bb3 h5 33. h4 Rd4
34. Kf3 Bd6 35. Re3 Rg4 36. Kg2 f5 37. Kh3 Rd4 38. Rd3 1/2-1/2

[Event "New York Masters 31st"]
[Site "New York"]
[Date "2002.10.29"]
[Round "4"]
[White "Bonin, Jay R"]
[Black "Ashley, Maurice"]
[Result "0-1"]
[WhiteElo "2407"]
[BlackElo "2477"]
[PlyCount "106"]
[EventDate "2002.10.29"]
[EventType "swiss (rapid)"]
[EventRounds "4"]
[EventCountry "USA"]
[SourceTitle "EXT 2003"]
[Source "ChessBase"]
[SourceDate "2002.11.25"]
[SourceVersion "1"]
[SourceVersionDate "2002.11.25"]
[SourceQuality "1"]

1. d4 d6 2. Nf3 Bg4 3. e4 Nf6 4. h3 Bh5 5. Nc3 e6 6. g4 Bg6 7. Qe2 Be7 8. h4 h5
9. g5 Nfd7 10. Bh3 O-O 11. Be3 a6 12. Nd2 e5 13. dxe5 dxe5 14. O-O-O c6 15. Nf1
b5 16. Ng3 a5 17. Rxd7 Nxd7 18. Rd1 a4 19. Rxd7 Qa5 20. Nd1 Rfe8 21. Bf5 a3 22.
b3 Rad8 23. Bd2 Qb6 24. Bc3 Rxd7 25. Bxd7 Rd8 26. Bf5 Qc5 27. Ba1 Qd6 28. Ne3
Bf8 29. Bc3 Qc5 30. Bd2 Qd4 31. c3 Qd6 32. Nef1 Qc5 33. b4 Qd6 34. Bh3 c5 35.
bxc5 Qxc5 36. Nxh5 b4 37. Nhg3 bxc3 38. Be3 Qb4 39. h5 Rd2 40. Qxd2 cxd2+ 41.
Bxd2 Qb2+ 42. Kd1 Qxa2 43. hxg6 Qb3+ 44. Ke2 a2 45. gxf7+ Kxf7 46. g6+ Ke8 47.
Ne3 a1=Q 48. Ngf5 Qaa2 49. Nd5 Qc4+ 50. Ke3 Qa3+ 51. Bc3 Qaxc3+ 52. Nxc3 Qxc3+
53. Ke2 Qxh3 0-1

[Event "New York Masters 32nd"]
[Site "New York"]
[Date "2002.11.05"]
[Round "3"]
[White "Figler, Ilya"]
[Black "Ashley, Maurice"]
[Result "1-0"]
[WhiteElo "2380"]
[BlackElo "2477"]
[Annotator "Tamarkin,L"]
[PlyCount "57"]
[EventDate "2002.11.05"]
[EventType "swiss (rapid)"]
[EventRounds "4"]
[EventCountry "USA"]
[SourceTitle "EXT 2003"]
[Source "ChessBase"]
[SourceDate "2002.11.25"]
[SourceVersion "1"]
[SourceVersionDate "2002.11.25"]
[SourceQuality "1"]

1. d4 Nf6 2. c4 e6 3. g3 d5 4. Bg2 Be7 5. Nf3 O-O 6. O-O c6 7. Qc2 b6 8. Nc3
Nbd7 9. e4 Ba6 10. b3 Rc8 11. Rd1 Bb7 (11... dxc4 12. Bf4 b5 13. bxc4 bxc4 14.
Qa4 Bb5 15. Nxb5 cxb5 16. Qxb5 Nxe4 17. Rac1 Nb6 18. Ne5 Nd6 19. Qa6 Rc7 20.
Nc6 Qd7 21. d5 exd5 22. Nxe7+ Qxe7 23. Bxd5 Rd7 24. Re1 Qf6 25. Bc6 Rc7 26. Bg2
Re7 27. a4 Nf5 28. Rxe7 Qxe7 29. a5 Qa3 30. Qxa7 Nc8 31. Qc7 Ncd6 32. Bd5 Nb5
33. Qxc4 Qxa5 34. Bxf7+ Kh8 35. Qc5 Qd8 36. Bg5 Qb8 37. Bf4 Qd8 38. Qxf5 Nd4
39. Qg4 Qa8 40. Bh5 {1-0 Tosic,M-Kalezic,B/Subotica 2000/CBM 76 (40)}) 12. e5
Ne8 13. h4 Nc7 14. Ng5 Bxg5 15. hxg5 c5 16. dxc5 Nxc5 17. f4 Qe7 18. Ba3 Rfd8
19. Bf3 Ba8 20. Rd2 $1 {With a vicious and obvious idea!} dxc4 21. Rh2 $1 g6
22. Bxa8 cxb3 23. axb3 Nxa8 $2 (23... Rxa8 $142 24. Ne4 Nd5 {And though White
is clearly better, there is no obvious crush - After the text, White wins
quicly.}) 24. Ne4 Qb7 25. Nf6+ Kf8 26. Rxh7 Qf3 27. Kh2 Qe3 28. Rd1 {This
'only move', also completely wipes out blacks counterplay.} Qf3 29. Bxc5+ (29.
Qxc5+ $1 bxc5 30. Bxc5+ $18 {"Ha, ha!" - Yudasin}) 1-0

[Event "New York Masters 33rd"]
[Site "New York"]
[Date "2002.11.12"]
[Round "1"]
[White "Shapiro, Daniel E"]
[Black "Ashley, Maurice"]
[Result "0-1"]
[WhiteElo "2314"]
[BlackElo "2477"]
[PlyCount "92"]
[EventDate "2002.11.12"]
[EventType "swiss (rapid)"]
[EventRounds "4"]
[EventCountry "USA"]
[SourceTitle "CBM 091 Extra"]
[Source "ChessBase"]
[SourceDate "2003.01.09"]
[SourceVersion "1"]
[SourceVersionDate "2003.01.09"]
[SourceQuality "1"]

1. d4 Nf6 2. c4 e6 3. g3 c5 4. d5 exd5 5. cxd5 b5 6. Bg2 d6 7. e4 Nbd7 8. f4
Bb7 9. Nh3 g6 10. O-O Bg7 11. Nc3 b4 12. Nb5 Qb6 13. Nxd6+ Qxd6 14. e5 Qb6 15.
exf6 Bxf6 16. Re1+ Kf8 17. f5 Kg7 18. Qd2 Rhe8 19. Qh6+ Kg8 20. Bg5 Bxb2 21.
Rab1 Bg7 22. Qh4 c4+ 23. Kh1 c3 24. Rec1 a5 25. fxg6 hxg6 26. Be7 Qd4 27. Qxd4
Bxd4 28. d6 Bxg2+ 29. Kxg2 Bc5 30. Rc2 Rxe7 31. dxe7 Bxe7 32. Nf4 Nf6 33. a3 g5
34. Nd3 Nd5 35. Kf3 f5 36. axb4 axb4 37. Re2 Ra3 38. Nc1 g4+ 39. Kg2 Bg5 40.
Kf2 Bxc1 41. Rxc1 b3 42. Rd1 Ra5 43. Re8+ Kf7 44. Rb8 b2 45. Rf1 Ra1 46. Ke2
Rxf1 0-1

[Event "USA-ch"]
[Site "Seattle"]
[Date "2003.01.09"]
[Round "1"]
[White "Sagalchik, Olga"]
[Black "Ashley, Maurice"]
[Result "0-1"]
[WhiteElo "2116"]
[BlackElo "2485"]
[PlyCount "76"]
[EventDate "2003.01.09"]
[EventType "swiss"]
[EventRounds "9"]
[EventCountry "USA"]
[SourceTitle "CBM 093"]
[Source "ChessBase"]
[SourceDate "2003.04.01"]
[SourceVersion "1"]
[SourceVersionDate "2003.04.01"]
[SourceQuality "1"]

1. d4 Nf6 2. c4 e6 3. Nc3 Bb4 4. e3 O-O 5. Bd3 c5 6. Nge2 d5 7. a3 Bxc3+ 8.
bxc3 dxc4 9. Bxc4 Qc7 10. Bd3 e5 11. O-O Nc6 12. Bb1 Rd8 13. Qc2 Be6 14. f4
exd4 15. cxd4 Na5 16. a4 Rac8 17. d5 Bxd5 18. Bb2 Be4 19. Qc3 Bxb1 20. Raxb1 b6
21. Ng3 Qd7 22. Kh1 Ne8 23. e4 Nc6 24. Nf5 Nd4 25. Rbd1 Qe6 26. Ng3 Rd7 27. Qe3
Rcd8 28. Qf2 Nf6 29. e5 Ng4 30. Qg1 Ne2 31. Nxe2 Rxd1 32. Nc3 Rxf1 33. Qxf1 Qb3
34. Ba1 Qc2 35. h4 Rd3 36. Kg1 Rxc3 37. Bxc3 Qxc3 38. Qd1 Qe3+ 0-1

[Event "USA-ch"]
[Site "Seattle"]
[Date "2003.01.12"]
[Round "4"]
[White "Ashley, Maurice"]
[Black "Nakamura, Hikaru"]
[Result "0-1"]
[WhiteElo "2485"]
[BlackElo "2520"]
[Annotator "Ftacnik,L"]
[PlyCount "50"]
[EventDate "2003.01.09"]
[EventType "swiss"]
[EventRounds "9"]
[EventCountry "USA"]
[SourceTitle "CBM 093"]
[Source "ChessBase"]
[SourceDate "2003.04.01"]
[SourceVersion "1"]
[SourceVersionDate "2003.04.01"]
[SourceQuality "1"]

1. e4 c5 2. Nf3 d6 3. d4 cxd4 4. Nxd4 Nf6 5. Nc3 a6 6. Bc4 e6 7. Bb3 b5 8. Bg5
Be7 9. Qf3 Qb6 10. O-O-O Nbd7 11. Rhe1 h6 {Moves like these in a very charged
positions can be truly dangerous, since instead of developing extra piece
black is simply throwing more oil into the fire.} 12. e5 Bb7 13. Qh3 dxe5 (
13... Nxe5 14. Bxf6 gxf6 15. Nxe6 fxe6 16. f4 (16. Qxe6 Qxf2 $1 $17) 16... Nc4
17. Qxe6 Qc7 18. Bxc4 bxc4 19. Rxd6 $40) 14. Nxe6 fxe6 (14... Rh7 15. Bxf6 Nxf6
16. f4 e4 17. Nd4 $36) 15. Bxe6 Rd8 (15... Nf8 16. Rxe5 Rd8 17. Rde1 $16) 16.
Rxd7 $1 Rxd7 (16... Nxd7 17. Qh5+ g6 18. Qxg6+ Kf8 19. Qf7#) (16... Qxf2 17.
Bxf6 $3 (17. Rxd8+ $6 Kxd8 18. Rd1+ Kc7 19. Bh4 Qf4+ 20. Kb1 Rd8 $11) 17...
Qxe1+ (17... Qxf6 18. Rxb7 $18) 18. Nd1 Rxd7 (18... Qe4 19. Rxe7+ Kf8 20. Rf7+
Ke8 21. Bxd8 $18) 19. Bxd7+ Kd8 20. Bxe7+ Kc7 (20... Kxe7 21. Qe6+ Kd8 22. Qd6
$18) 21. Qe6 $18) 17. Bxf6 Rd6 $2 {It is easy to understand Nakamura's wish to
save his extra exchange, but this move loses. In comparison 17...Bxf6 seems
good enough for the full equality.} (17... Bxf6 18. Bxd7+ Ke7 $1 19. Rd1 (19.
f3 Rd8 20. Rd1 Bg5+ 21. Kb1 b4 22. Ne4 Bc8 $17) (19. Bc8 Bxc8 20. Nd5+ Kd6 21.
Qxc8 Rxc8 22. Nxb6 Rd8 23. c4 Bg5+ 24. Kc2 Kc6 25. Nd5 bxc4 $15) 19... Rd8 20.
Kb1 Qxf2 21. Qe6+ Kf8 22. Qd6+ Be7 23. Qxe5 Bxg2 $11) 18. Qh5+ Kd8 19. Bxe7+
Kxe7 20. Qxe5 Kd8 21. Nd5 $6 (21. Bd5 $1 Bxd5 (21... Rf6 22. Qe7+ Kc8 23. Qxg7
Rhf8 24. Re7 Bc6 25. Ne4 Bxd5 26. Nxf6 Qxf6 27. Re8+ Rxe8 28. Qxf6 $18) 22.
Nxd5 Qc5 23. Qxg7 $18) 21... Bxd5 22. Bxd5 Qc7 (22... Rd7 23. Bf3 Qc7 24. Qe4
$16) 23. f4 Rd7 24. Qf5 (24. Qe4 Qd6 25. c4 bxc4 26. Bxc4 Rf8 27. g3 $14) 24...
Qc5 25. Be6 $2 {[%mdl 8192] Ashley has lost control of the game few moves ago,
but this natural retreat is a real losing blunder.} (25. Rd1 Rf8 26. Qe4 Rf6
27. f5 Rfd6 28. b4 Qc3 29. Rd3 Qa1+ 30. Kd2 Qb2 $11) 25... Qf2 $1 (25... Qf2 $1
26. Qe4 Qd2+ 27. Kb1 Qd1+ 28. Rxd1 Rxd1#) 0-1

[Event "USA-ch"]
[Site "Seattle"]
[Date "2003.01.16"]
[Round "7"]
[White "Ashley, Maurice"]
[Black "Watson, John L"]
[Result "1/2-1/2"]
[WhiteElo "2485"]
[BlackElo "2345"]
[Annotator "Kostakiev,D"]
[PlyCount "84"]
[EventDate "2003.01.09"]
[EventType "swiss"]
[EventRounds "9"]
[EventCountry "USA"]
[SourceTitle "CBM 093"]
[Source "ChessBase"]
[SourceDate "2003.04.01"]
[SourceVersion "1"]
[SourceVersionDate "2003.04.01"]
[SourceQuality "1"]

1. e4 e6 2. d4 d5 3. Nc3 Bb4 4. e5 c5 5. a3 ({Bulgarian ICCF GM Nikolay Ninov
resuscitated successfuly} 5. Qg4 $5) 5... Bxc3+ 6. bxc3 Ne7 7. Qg4 $5 {
Bohatirchuk 1934. Long years Botvinnik and Fischer kept different opposit
oppinions about the line starting with 3...Bb4. Finaly In tom 3 of his
splendid last books Botvinik recgnized that 7.Qg4! is giving advantage to
White. Statistic confirmed - 56%:44%. Besides it two other variations draws
attention:} (7. h4 $5 {The sharpest line where White marks better score. (58%).
}) (7. Nf3 {The calmest solid continuation in which White also has good score 
(54%).}) 7... O-O (7... cxd4 $1 {Knaak} 8. Qxg7 (8. cxd4 $2 Qc7 9. Qd1 Qc3+ $17
) 8... Rg8 9. Qxh7 Qc7 $1 10. Ne2 Nbc6 11. f4 Bd7 12. Qd3 {
Lilienthal-Levenfish/Moscow/1936}) (7... Qa5 $6 8. Bd2 Qa4 $6 {1-0 Bohatirchuk,
F-Alatortsev,V/Leningrad 1934/URS-ch (31)}) 8. Bd3 Nbc6 (8... Qa5 9. Bd2 Nbc6
10. Qh5 h6 11. g4 {1/2-1/2 Karjakin,S-Barsov,A/Hastings 2003/CBM 93_01 (22)}) (
8... f5 9. exf6 Rxf6 10. Bg5 Rf7 11. Qh5 g6 12. Qd1 Nbc6 {1/2-1/2 Shirov,
A-Timman,J/Wijk aan Zee 2003/CBM 93_01 (38)}) 9. Qh5 Ng6 10. Nf3 Qc7 11. O-O c4
12. Bxg6 (12. Be2 f6 13. exf6 Rxf6 14. Bg5 Nf4 {Oll,L-Dolmatov,S/Groningen
1993/CBM 39/1/2-1/2 (54)}) 12... fxg6 13. Qh3 (13. Qh4 Bd7 14. Bd2 Rf5 {
'1/2-1/2 Singer,K-Adamski,M/Laczna 2002/CBM 89 ext (25)'} 15. Ng5 h6 16. Nf3 {
1/2-1/2 Singer,K-Adamski,M/Laczna 2002/CBM 89 ext (25)}) 13... h6 14. a4 $146 (
14. Qg4 Qf7 15. Ne1 Bd7 16. Qe2 g5 17. Rb1 b6 18. Bd2 Ne7 {Rodriguez,R-De la
Villa Garcia,J/Alcobendas 1993/EXT 98/0-1 (62)}) 14... g5 15. Qg4 Qf7 16. h4
gxh4 17. Bxh6 $6 (17. Nxh4 $5) 17... Ne7 $6 (17... h3 $1 18. Be3 hxg2 $11) 18.
Nxh4 $16 Nf5 19. Bc1 (19. Bg5 $142 $1 Nxh4 20. Qxh4 $16) 19... Nxh4 20. Qxh4 {
[#] Classic example "Bc1>>Bc8". Pc4,Pd5,Pe6 are fixed on the B's c8 color.
Hope for salvation is only ^-} Qg6 21. Ba3 Re8 22. Ra2 Bd7 23. Bd6 Qf5 24. f4
Qh7 25. Qg5 Qf5 26. Qh4 Qh7 27. Qg5 Qf5 28. Qxf5 exf5 29. a5 Bc6 30. Rb2 Rad8 {
[#]} 31. Rfb1 $6 ({More chanses to win gave:} 31. g4 $142 $1 $18 {Only as
ilustration:} g6 $140 32. Kg2 Kf7 33. Kg3 Rh8 34. Rbb1 fxg4 35. f5 $1 gxf5 36.
Rxf5+ Kg6 37. Rf6+ Kg7 38. Kxg4 Rh2 39. Rg1 Bd7+ 40. Kf3+ Kh8 41. e6 $18) 31...
Rd7 32. Bc5 a6 33. Kf2 Re6 34. Rh1 g6 35. Rbb1 Rh7 36. g4 Rxh1 37. Rxh1 fxg4
38. Kg3 Bd7 39. Kh4 Kg7 40. Bd6 Kf7 41. Kg3 Kg8 42. Rh4 Re8 1/2-1/2

[Event "Internet Section 06A g/8'+2\""]
[Site "Dos Hermanas"]
[Date "2004.03.06"]
[Round "1"]
[White "Ashley, Martin"]
[Black "Kiran, Pandit Rao"]
[Result "0-1"]
[WhiteElo "1773"]
[BlackElo "2394"]
[PlyCount "32"]
[EventDate "2004.03.06"]
[EventType "swiss (blitz)"]
[EventRounds "9"]
[EventCountry "ESP"]
[SourceTitle "CBM 099 Extra"]
[Source "ChessBase"]
[SourceDate "2004.05.04"]
[SourceVersion "1"]
[SourceVersionDate "2004.05.04"]
[SourceQuality "1"]

1. e4 c5 2. Nf3 e6 3. Be2 a6 4. O-O Qc7 5. d3 d6 6. Be3 Nf6 7. Nbd2 Be7 8. c3
e5 9. d4 Nc6 10. dxe5 dxe5 11. Nc4 b5 12. Ncd2 O-O 13. c4 b4 14. b3 Rd8 15. Qc2
Nd4 16. Rfe1 Nxc2 0-1

[Event "Internet Section 06A g/8'+2\""]
[Site "Dos Hermanas"]
[Date "2004.03.06"]
[Round "2"]
[White "Jordan, Mark"]
[Black "Ashley, Martin"]
[Result "1-0"]
[WhiteElo "1346"]
[BlackElo "1678"]
[PlyCount "47"]
[EventDate "2004.03.06"]
[EventType "swiss (blitz)"]
[EventRounds "9"]
[EventCountry "ESP"]
[SourceTitle "CBM 099 Extra"]
[Source "ChessBase"]
[SourceDate "2004.05.04"]
[SourceVersion "1"]
[SourceVersionDate "2004.05.04"]
[SourceQuality "1"]

1. e4 Nc6 2. Nf3 e5 3. Bc4 Nf6 4. d3 d5 5. Bxd5 Nxd5 6. exd5 Qxd5 7. Nc3 Qd8 8.
O-O Bg4 9. Re1 Bxf3 10. Qxf3 Nd4 11. Rxe5+ Be7 12. Qd1 O-O 13. Ne2 Qd6 14. Re4
Nxe2+ 15. Qxe2 Rae8 16. Bf4 Qc5 17. d4 Qb4 18. c3 Qb6 19. Rxe7 Rxe7 20. Qxe7
Qxb2 21. Qe1 Qb5 22. Bxc7 Re8 23. Qb1 Qd3 24. Qxd3 1-0

[Event "Manhattan op"]
[Site "New York"]
[Date "2011.08.19"]
[Round "4"]
[White "Ashley, Maurice"]
[Black "Schut, Lisa"]
[Result "1-0"]
[WhiteElo "2465"]
[BlackElo "2304"]
[PlyCount "45"]
[EventDate "2011.08.17"]
[EventType "swiss"]
[EventRounds "9"]
[EventCountry "USA"]
[SourceTitle "CBM 143 Extra"]
[Source "ChessBase"]
[SourceDate "2011.08.29"]
[SourceVersion "1"]
[SourceVersionDate "2011.08.29"]
[SourceQuality "1"]

1. e4 c5 2. Nf3 d6 3. d4 cxd4 4. Nxd4 Nf6 5. Nc3 a6 6. Bc4 e6 7. Bg5 b5 8. Bb3
Be7 9. Qe2 O-O 10. f4 b4 11. Na4 Bb7 12. O-O Nxe4 13. Bxe7 Qxe7 14. f5 e5 15.
f6 Nxf6 16. Nf5 Qd8 17. Rad1 Nbd7 18. Rxd6 Qc7 19. Nb6 Nxb6 20. Rxf6 Qc5+ 21.
Kh1 Bc8 22. Nxg7 Nd5 23. Qxe5 1-0

[Event "Manhattan op"]
[Site "New York"]
[Date "2011.08.19"]
[Round "5"]
[White "Zhao, Parker Bi Guang"]
[Black "Ashley, Maurice"]
[Result "1-0"]
[WhiteElo "2382"]
[BlackElo "2465"]
[PlyCount "93"]
[EventDate "2011.08.17"]
[EventType "swiss"]
[EventRounds "9"]
[EventCountry "USA"]
[SourceTitle "CBM 143 Extra"]
[Source "ChessBase"]
[SourceDate "2011.08.29"]
[SourceVersion "1"]
[SourceVersionDate "2011.08.29"]
[SourceQuality "1"]

1. e4 c5 2. Nf3 d6 3. c3 Nf6 4. Be2 e6 5. O-O Be7 6. d3 O-O 7. Be3 Nc6 8. h3
Qc7 9. Bf4 e5 10. Bh2 Re8 11. Nbd2 Bf8 12. Re1 Bd7 13. Rc1 Rad8 14. d4 b6 15.
dxe5 dxe5 16. Bb5 Nb8 17. Bxd7 Nbxd7 18. Qe2 Nh5 19. Nc4 g6 20. Rcd1 Bg7 21.
Qc2 b5 22. Nd6 Re6 23. Nxb5 Qb8 24. c4 Nf4 25. Nc3 Nf8 26. Nd5 Ree8 27. a3 h6
28. Rd2 Rc8 29. Rb1 N4e6 30. b4 f6 31. Qc3 Qa8 32. b5 Nd4 33. Nxd4 exd4 34. Qf3
Nd7 35. a4 Kh7 36. a5 Rf8 37. b6 axb6 38. axb6 Qa5 39. Qe2 Rce8 40. f3 Qa4 41.
b7 f5 42. Nc7 Re5 43. Bxe5 Bxe5 44. exf5 gxf5 45. Nd5 Qc6 46. f4 Bf6 47. Qd3
1-0